00811nam a2200181 a 450000100100000000500170001000800410002704000250006808200140009310000340010724501200014126000870026130000210034870000470036904900100041695201860042699900170061200003244820200930065638.0110718s1944 dr 000 0 spa d aDO-SdBNPbspacBNPHU axxxbL8641 aLópez Penha, Haim H.92919810aBrevario de luz y amor :bDoce años de acción cultural /cHaim H. López ; prólogo Segundo Serrano Poncella. aSantiago de los Caballeros , República Dominicana :bLa información,c[1944?]. a143 p. ;c24 cm.1 aSerrano Poncella, Segundo,epról.958407 aBNPHU 001050718RVaPDbPDcCTd2011-07-18iLF1l0oxxx L864p32448-10r2020-06-25w2020-06-25y1zPerteneció a la biblioteca personal de Federico Henríquez y CarvajalZNo se presta c31939d31939